000
00302nam a22001337a 4500
003
SGT
082
_a
617, P07N
100
_a
NGUYEN, TOM C.
245
_a
PRACTICAL GUIDE TO THE CARE OF THE SURGERY PATIENT
260
_a
INDIA
_b
ELSEVIER
_c
2007
300
_a
284
650
_a
SURGERY
942
_2
ddc
_c
BK
999
_c
8409
_d
8409